Geboren in Solingen - Statistiken

Allgemein
  • Dieses Quiz wurde 51 mal gespielt
  • Das Durchschnittsergebnis liegt bei 4 aus 15
Antwortstatistiken
Hinweis Antwort % Korrekt
Nationalspieler, Borussia Mönchengladbach 1991 Christoph Kramer
58%
slowenischer Nationalspieler, RB Leipzig 1990 Kevin Kampl
58%
Schauspielerin und Ehefrau von Carsten Maschmeyer, "Das Superweib" "Die Wilden Hühner" 1965 Veronica Ferres
56%
FDP-Politiker und von 1974 bis 1976 Bundespräsident 1919 Walter Scheel
51%
SPD-Politiker und Oberbürgermeister von Solingen 1978 Tim Kurzbach
37%
Organisator des Holocaust, wurde vom Mossad aus Argentinien entführt und in Israel zum Tode verurteilt 1906 Adolf Eichmann
30%
Philosoph, Moderator und Schriftsteller, "Wer bin ich- und wenn ja, wie viele?" 1964 Richard David Precht
28%
Tänzerin, Choreografin und Direktorin eines berühmten Tanztheaters in Wuppertal 1940 Pina Bausch
21%
Sänger, "Du liebst mich nicht" 1983 Ado Kojo
16%
Fernsehdirektor des WDR, bekannt als Moderator der Wahlergebnisse 1964 Jörg Schonenborn
12%
Fernsehmoderatorin und Autoverkäuferin, "Biete Rostlaube, suche Traumauto" 1979 Panagiota Petridou
9%
Vorstandsvorsitzender der Deutschen Telekom 1962 Timotheus Höttges
9%
von 2011 bis 2021 Präsident der Bundesbank 1958 Jens Weidmann
5%
Sportfunktionär und Mitbegründer der "Trimm-Dich-Bewegung" 1935 Jürgen Palm
2%
Mitbegründer des Deutschen Presseclubs und langjähriger Bonner Korrespondent für die FAZ 1906 Walter Henkels
2%
Keine übereinstimmenden Quizze gefunden
Verteilung der Resultate
Anzahl Personen mit jedem Resultat
Perzentil nach korrekt beantworteten Fragen
Ihre Resultats-Entwicklung
Sie haben dieses Quiz noch nicht gespielt